La esencia de la filosofía

Guardat en:
Dades bibliogràfiques
Autor principal: Dilthey, Wilhelm (Autor)
Format: Llibre
Idioma:espanyol
Publicat: Buenos Aires Losada 2003
Edició:1a. ed
Col·lecció:Biblioteca de Obras Maestras del Pensamiento, 25
Matèries:
Etiquetes: Afegir etiqueta
Sense etiquetes, Sigues el primer a etiquetar aquest registre!

MARC

LEADER 00000cam a2200000 a 4500
001 UCD4571
003 CL-VaPUC
008 160713e20030000ag |||||||||||||||||spa|d
020 |a 9500392127 
082 0 4 |a 100  |b DIL  |2 21 
100 0 |a Dilthey, Wilhelm  |e author  |9 335712 
245 1 3 |a La esencia de la filosofía 
250 |a 1a. ed 
300 |a 187 p 
942 |c BK 
945 |d 20160713 20:53:00  |a dcastane 
260 |a Buenos Aires  |b Losada  |c 2003 
650 0 |a Filosofía   |9 223554 
583 |a last modification  |c 20160713 20:53:00  |k Rodrigo Vera 
490 0 |a Biblioteca de Obras Maestras del Pensamiento, 25 
999 |c 365456  |d 365454 
952 |0 0  |1 0  |3 erb  |4 0  |6 100_000000000000000_DIL_2003  |7 0  |8 A  |9 479320  |a FDOHBE  |b FDOHBE  |e Huesbe Llanos, Marco Antonio, 1934-  |i 5331765  |o 100 DIL 2003  |p 5331765  |r 2024-01-30  |w 2019-11-24  |y BK  |z Catalogado en:20160713  |k HBE